The NIV application commentary : 1 Corinthians
Guardat en:
| Autor principal: | |
|---|---|
| Format: | Llibre |
| Idioma: | anglès |
| Publicat: |
Grand Rapids, MI.
Zondervan
1994
|
| Matèries: | |
| Etiquetes: |
Afegir etiqueta
Sense etiquetes, Sigues el primer a etiquetar aquest registre!
|
MARC
| LEADER | 00000nam a22000005a 4500 | ||
|---|---|---|---|
| 003 | CL-ChBUA | ||
| 005 | 20171024135059.0 | ||
| 007 | ta | ||
| 008 | 150309s1994 xxu||||| |||| 000 ||eng | ||
| 020 | |a 9780310484901 | ||
| 040 | |a CL-ChBUA |c CL-ChBUA |e rda | ||
| 082 | 0 | 0 | |a 225.7 |
| 100 | 1 | |a Blomberg, Craig | |
| 245 | 1 | 0 | |a The NIV application commentary : |b 1 Corinthians |c Craig Blomberg |
| 260 | |a Grand Rapids, MI. |b Zondervan |c 1994 | ||
| 300 | |a 352 páginas |c 24 centímetros | ||
| 504 | |a índice, bibliografía | ||
| 630 | 4 | |a BIBLIA |x NUEVO TESTAMENTO |x 1ª CORINTIOS |x COMENTARIOS | |
| 942 | |2 ddc |c LIBR | ||
| 945 | |0 nac | ||
| 952 | |0 0 |1 0 |2 ddc |4 0 |6 R_225_700000000000000_NIV_7341 |7 0 |9 1144228 |a UNACH |b UNACH |c REA |d 2015-03-09 |i 55.031 |l 0 |o R 225.7 / NIV 7341cor |p 82118 |r 2015-03-09 00:00:00 |t 1 |w 2015-03-09 |y LIBR | ||
| 999 | |c 2181911 |d 2181911 | ||